000
00310nam a22001337a 4500
008
181101b xxu||||| |||| 00| 0 eng d
020
_a
0517543702
041
_a
eng
080
_a
574
100
_a
9
101
_a
MJE
245
_a
The Cambridge Encyclopedia of Earth Sciences
_c
Smith, S.G
942
_2
udc
_c
BK
999
_c
51534
_d
51534